[路線図付き] JR東日本 青梅線 駅名穴埋めクイズ - Statistics

General Stats
  • This quiz has been taken 1,087 times
  • The average score is 18 of 25
Answers on the Map
Answers color-coded by a green-red scale on the quiz's map according to % correct below.
 
Answer Stats
Answer % Correct
青梅線 JC19 立川
97%
青梅線 JC62 青梅
95%
青梅線 JC55 拝島
94%
青梅線 JC74 奥多摩
92%
青梅線 JC51 西立川
89%
青梅線 JC57 福生
85%
青梅線 JC61 東青梅
84%
青梅線 JC54 昭島
80%
青梅線 JC53 中神
76%
青梅線 JC52 東中神
76%
青梅線 JC69 御嶽
75%
青梅線 JC60 河辺
74%
青梅線 JC58 羽村
73%
青梅線 JC67 軍畑
72%
青梅線 JC73 白丸
71%
青梅線 JC72 鳩ノ巣
70%
青梅線 JC59 小作
67%
青梅線 JC56 牛浜
63%
青梅線 JC64 日向和田
60%
青梅線 JC70 川井
58%
青梅線 JC71 古里
56%
青梅線 JC68 沢井
56%
青梅線 JC66 二俣尾
56%
青梅線 JC63 宮ノ平
56%
青梅線 JC65 石神前
52%
No matching quizzes found
Score Distribution
Percent of People with Each Score
Percentile by Number Answered
Your Score History
You have not taken this quiz